00471nam a2200157Ia 4500008004100000020001500041100002700056245003700083250001200120260001400132500002400146650003500170942000700205952008400212999001700296230524s9999 xx 000 0 und d a8176060607 aCharles Dickens936629 0aCharles Dickens Selected Stories a2 nd ed bProjapoti aQuantity Number: 1 aPersonality Development936630 cBK 00104070aTATCLbTATCLcGENd2023-05-24l0p44977r2023-05-24w2023-05-24yBK c50673d50673